Pedagogía social en Chile: hacia una visión intercultural. Experiencias, reflexiones y aportaciones para un escenario incierto
Shranjeno v:
| Glavni avtor: | |
|---|---|
| Format: | Knjiga |
| Jezik: | španščina |
| Izdano: |
Santiago
Universidad Miguel de Cervantes
2015
|
| Izdaja: | 1a. ed |
| Serija: | Serie 3
|
| Teme: | |
| Oznake: |
Označite
Brez oznak, prvi označite!
|
MARC
| LEADER | 00000cam a2200000 a 4500 | ||
|---|---|---|---|
| 001 | UCD0685 | ||
| 003 | CL-VaPUC | ||
| 008 | 151210e20150000cl |||||||||||||||||spa|d | ||
| 020 | |a 9789567803101 | ||
| 082 | 0 | 4 | |a 371.3 |b AVI |2 21 |
| 100 | 0 | |a Avila Castro, Hugo |e author |9 583665 | |
| 245 | 1 | 0 | |a Pedagogía social en Chile: hacia una visión intercultural. Experiencias, reflexiones y aportaciones para un escenario incierto |
| 250 | |a 1a. ed | ||
| 300 | |a 247 p | ||
| 942 | |c BK | ||
| 945 | |d 20151210 22:58:00 |a dcastane | ||
| 260 | |a Santiago |b Universidad Miguel de Cervantes |c 2015 | ||
| 650 | 0 | |a Pedagogía |9 255351 | |
| 650 | 0 | |a Didáctica |9 369923 | |
| 650 | 0 | |a Métodos de enseñanza |9 270413 | |
| 583 | |a last modification |c 20151210 22:58:00 |k Rodrigo Vera | ||
| 490 | 0 | |a Serie 3 | |
| 999 | |c 362147 |d 362145 | ||
| 952 | |0 0 |1 0 |3 erb |4 0 |6 371_300000000000000_AVI_2015 |7 0 |8 A |9 473053 |a BIBGIM |b BIBGIM |i 5255481 |o 371.3 AVI 2015 |p 5255481 |r 2025-01-15 |w 2019-11-24 |y BK |z Catalogado en:20151210 |k SSL | ||
| 952 | |0 0 |1 0 |3 erb |4 0 |6 371_300000000000000_AVI_2015 |7 0 |8 A |9 473054 |a BIBEDU |b BIBEDU |i 5255473 |o 371.3 AVI 2015 |p 5255473 |r 2019-11-24 |w 2019-11-24 |y BK |z Catalogado en:20151210 |k EPE | ||
| 952 | |0 0 |1 0 |3 erb |4 0 |6 371_300000000000000_AVI_2015 |7 0 |8 A |9 473055 |a BIBEDU |b BIBEDU |i 5255465 |o 371.3 AVI 2015 |p 5255465 |r 2019-11-24 |w 2019-11-24 |y BK |z Catalogado en:20151210 |k EPE | ||